تأديب الطفل من منظور الإسلامي والتربوي / (رقم التسجيلة. 11944)

تفاصيل مارك
000 -الفاتح
عناصر البيانات ثابتة الطول 01009cam a2200229 i 4500
005 - تاريخ ووقت آخر معاملة
حقل ضبط 20251214083930.0
008 - عناصر البيانات ثابتة الطول
عناصر البيانات ثابتة الطول 250721s2008 jo gr 000 0 ara d
020 ## - الترقيم الدولي المعياري للكتب (ردمك)
الترقيم الدولي المعياري للكتب (ردمك) 995745224x
082 14 - رقم تصنيف ديوي العشري
رقم التصنيف 216.532
رقم المادة ح ر ي
100 1# - مدخل رئيسي – اسم شخصي
الاسم الشخصي حريز، سامي محمد هشام
علاقة الشخص بالعمل/ دوره مؤلف.
245 10 - بيان العنوان
العنوان تأديب الطفل من منظور الإسلامي والتربوي /
بيان المسؤولية تأليف سامي محمد هشام حريز، انجاد محمد هشام حريز ؛ تقديم د. عبد الله محمد أبو تينة.
250 ## - بيان الطبعة
بيان الطبعة الطبعة الأولى.
264 31 - بيانات النشر، التوزيع…إلخ
مكان النشر، التوزيع...إلخ عمان :
اسم الناشر، الموزع...إلخ دار البداية ناشرون وموزعون،
تاريخ النشر، التوزيع...إلخ 2008.
300 ## - الوصف المادي
عدد الوحدات المكونة للوعاء 181 صفحة.
650 17 - مدخل إضافي بالموضوع - مصطلح موضوعي
مصطلح موضوعي أو اسم جغرافي كعنصر مدخل التربيه الاسلامية.
650 17 - مدخل إضافي بالموضوع - مصطلح موضوعي
مصطلح موضوعي أو اسم جغرافي كعنصر مدخل الثقافة الاسلامية.
650 17 - مدخل إضافي بالموضوع - مصطلح موضوعي
مصطلح موضوعي أو اسم جغرافي كعنصر مدخل الابناء.
700 1# - مدخل إضافي - اسم شخصي
الاسم الشخصي حريز، إنجاد محمد هشام
علاقة الشخص بالعمل/ دوره مؤلف.
700 1# - مدخل إضافي - اسم شخصي
الاسم الشخصي أبو تينة، عبد الله محمد
علاقة الشخص بالعمل/ دوره مقدم.
942 ## - بيانات إضافية (كوها)
نوع التنصيف Dewey Decimal Classification
نوع المادة (كوها) كتب
المقتنيات
حالة السحب حالة الفقدان مصدر التصنيف حالة التلف غير قابل للإعارة المكتبة الرئيسية المكتبة الحالية موقع الرف تاريخ التزويد الرقم المتسلسل Total Checkouts رقم الإستدعاء تاريخ آخر ظهور تاريخ الفاتورة نوع المادة (كوها) الباركود
    Dewey Decimal Classification     المكتبة المركزية المكتبة المركزية مقتنيات قسم التزويد 28/07/2025 1268074   216.532/حري 28/07/2025 28/07/2025 كتب  
    Dewey Decimal Classification     المكتبة المركزية المكتبة المركزية مقتنيات قسم التزويد 28/07/2025 1268075   216.532/حري 28/07/2025 28/07/2025 كتب  
    Dewey Decimal Classification     المكتبة المركزية المكتبة المركزية الإعارة 21/03/2009 1268079   216.532 / ح ر ى 28/07/2025 21/03/2009 كتب PLD00079798
Implemented & Customized by: BBB with SCIT (Smart Chains for Information Technology)

Powered by Koha